| 000 | 00934cam a22001814a 4500 | ||
|---|---|---|---|
| 005 | 20250605164347.0 | ||
| 008 | 250528s ||||||||||||||||||||||||d | ||
| 035 | _a23943 | ||
| 040 |
_aGR-AtMCL _bgre _dGR-AtMCL _eAACR2 |
||
| 245 | 1 | _aΑποκωδικοποιώντας τον Δίσκο της Online Διαφήμισης / Phaistos Networks | |
| 260 | _c2019 | ||
| 520 | _aΤράπεζες στον Αστερισμό του e, Το Φυσιολογικό είναι Βαρετό, Βραβεύτηκαν οι Πρωτοποριακοί Επιχειρηματικοί Χώροι, Στρατηγικές Επεκτάσεις και Νέα Store Concepts και 360η Επικοινωνία, Localization: Μια Απαιτητική αλλά Επωφελής Διαδικασία. | ||
| 700 | 1 |
_aΜανιάτης Δημήτρης _99356 |
|
| 942 | _cCR | ||
| 710 | 2 |
_aMarketing Week _99824 |
|
| 999 |
_c8856 _d8856 |
||